Great people
| Format: | Book |
|---|---|
| Published: |
Singapore :
Bookworm Publishing ,
1993
|
| Series: | Bookworm
|
| Subjects: |
MARC
| LEADER | 00000cam a2200000 7i4500 | ||
|---|---|---|---|
| 001 | 0000008690 | ||
| 002 | 000009469 | ||
| 005 | 20000330.0 | ||
| 020 | |a 9813023104 | ||
| 090 | 0 | 0 | |a JF |b BOO |
| 245 | 0 | 0 | |a Great people |
| 260 | |a Singapore : |b Bookworm Publishing , |c 1993 | ||
| 300 | |a 75p. : |b ill. ; |c 21cm. | ||
| 490 | 0 | |a Bookworm | |
| 650 | 0 | 0 | |a Children's stories |
| 999 | |a 047135 |b BUKU |c PINJAMAN |e PERPUSTAKAAN KOMUNITI PETALING JAYA | ||
| 999 | |a 047136 |b BUKU |c PINJAMAN |e PERPUSTAKAAN KOMUNITI PETALING JAYA | ||